The art of pastoring : (Record no. 8277)

MARC details
000 -LEADER
fixed length control field 01070pam a2200289 a 4500
001 - CONTROL NUMBER
control field 51241
003 - CONTROL NUMBER IDENTIFIER
control field GBCCL
005 - DATE AND TIME OF LATEST TRANSACTION
control field 20241126110647.0
008 - FIXED-LENGTH DATA ELEMENTS--GENERAL INFORMATION
fixed length control field 940106s1994 ilu b 000 0 eng
010 ## -
-- 94000409
020 ## - INTERNATIONAL STANDARD BOOK NUMBER
International Standard Book Number 0830816690 (alk. paper)
035 ## - SYSTEM CONTROL NUMBER
System control number (OCoLC)29752966
040 ## - CATALOGING SOURCE
Original cataloging agency DLC
Transcribing agency DLC
Modifying agency PGC
-- LBB
049 ## -
-- LBBK
-- LBBC
050 00 -
-- BV4011
-- .H33 1994
082 00 - DEWEY DECIMAL CLASSIFICATION NUMBER
Classification number 253
Edition information 20
Item number HAN
090 ## - LOCALLY ASSIGNED LC-TYPE CALL NUMBER (OCLC); LOCAL CALL NUMBER (RLIN)
Classification number (OCLC) (R) ; Classification number, CALL (RLIN) (NR) BV4011
Local cutter number (OCLC) ; Book number/undivided call number, CALL (RLIN) .H33 1994
100 1# - MAIN ENTRY--PERSONAL NAME
Personal name Hansen, David,
Dates associated with a name 1953-
9 (RLIN) 14422
245 14 - TITLE STATEMENT
Title The art of pastoring :
Remainder of title ministry without all the answers /
Statement of responsibility, etc. David Hansen.
260 ## - PUBLICATION, DISTRIBUTION, ETC.
Place of publication, distribution, etc. Downers Grove, Ill. :
-- Hyderabad :
Name of publisher, distributor, etc. InterVarsity Press,
-- GS Books
Date of publication, distribution, etc. c1994.
-- 2017
300 ## - PHYSICAL DESCRIPTION
Extent 180 p. ;
Dimensions 21 cm.
504 ## - BIBLIOGRAPHY, ETC. NOTE
Bibliography, etc. note Includes bibliographical references (p. [179]-180).
505 0# - FORMATTED CONTENTS NOTE
Formatted contents note An Ebenezer story : introduction -- Beginning -- Call -- The Holy Spirit -- Temptation -- Eschatology -- Preaching -- Prayer -- Friendship -- Sacrament -- Leadership -- Leaving -- Reward.
650 #0 - SUBJECT ADDED ENTRY--TOPICAL TERM
Topical term or geographic name entry element Pastoral theology.
9 (RLIN) 414
650 #0 - SUBJECT ADDED ENTRY--TOPICAL TERM
Topical term or geographic name entry element Clergy
General subdivision Office.
9 (RLIN) 299
942 ## - ADDED ENTRY ELEMENTS (KOHA)
Source of classification or shelving scheme Dewey Decimal Classification
Koha item type Books
Koha issues (borrowed), all copies 1
Holdings
Withdrawn status Lost status Source of classification or shelving scheme Damaged status Not for loan Home library Current Library Shelving location Date acquired Source of acquisition Cost, normal purchase price Total checkouts Full call number Barcode Date last seen Date last checked out Copy number Cost, replacement price Price effective from Koha item type
    Dewey Decimal Classification     GRACE BIBLE COLLEGE GRACE BIBLE COLLEGE Ministry & Mission 2019-11-12 18 153.94 1 253 HAN 013729 2025-05-01 2022-08-19 c.1 179.00 2019-11-12 Books
    Dewey Decimal Classification     GRACE BIBLE COLLEGE GRACE BIBLE COLLEGE Ministry & Mission 2024-01-13       253 HAN 016433 2025-05-01   c.2   2024-01-13 Books
© Grace Bible College Library 2025